000 00500nam a22001937a 4500
003 SEACOMMC
005 20231102045522.0
008 231102b |||||||| |||| 00| 0 eng d
020 _cRs. 225.00
040 _aSEACOMMC
082 _a512.02
_bMCC
100 1 _aMcCoy, Neal H.
245 1 _aIntroduction to abstract algebra
_cNeal H. McCoy and Gerald J. Janusz
250 _a6th ed.
260 _aElsevier
_bNew Delhi
_c2005
650 _aMathematics
700 1 _aJanusz, Gerald J.
942 _cBOOK
999 _c288
_d288